00446nam a22001577a 4500003000500000005001700005008004100022020001800063050002300081082002600104100002300130245006800153260003800221300002300259562000600282OSt 20151104100539.0130308t xxu||||| |||| 00| 0 eng d a9780099908807 aPS 3515b.H4881994 aIB 808.83 bH37s 1994 aHemingway, Ernest  aThe snows of kilimanjaro and other stories /cErnest Hemingway. aLondon : bArrow Books, cc1994.  c18 cm. a138 p. ;  e3